Computer Graphics c version (Record no. 7339)

MARC details
000 -LEADER
fixed length control field 00307nam a2200133Ia 4500
008 - FIXED-LENGTH DATA ELEMENTS--GENERAL INFORMATION
fixed length control field 191201s2009 xx 000 0 und d
100 ## - MAIN ENTRY--PERSONAL NAME
Personal name HEARN,Donald
245 #0 - TITLE STATEMENT
Title Computer Graphics c version
250 ## - EDITION STATEMENT
Edition statement 9th IMP
260 ## - PUBLICATION, DISTRIBUTION, ETC. (IMPRINT)
Date of publication, distribution, etc 2009
Name of publisher, distributor, etc pearson
Place of publication, distribution, etc N. delhi
300 ## - PHYSICAL DESCRIPTION
Extent 660
650 ## - SUBJECT ADDED ENTRY--TOPICAL TERM
Topical term or geographic name as entry element CSE
942 ## - ADDED ENTRY ELEMENTS (KOHA)
Source of classification or shelving scheme Dewey Decimal Classification
Koha item type Book Bank
Holdings
Withdrawn status Lost status Source of classification or shelving scheme Damaged status Not for loan Collection code Home library Current library Date acquired Source of acquisition Cost, normal purchase price Bill Number Total Checkouts Acc. no. / Barcode Date last seen Bill Date Koha item type
    Dewey Decimal Classification     B.Tech(CSE) PIET C-LIBRARY PIET C-LIBRARY 06/05/2010 J B C, New Delhi 585.00 IS-57   BB5514 04/12/2019 06/05/2010 Book Bank
    Dewey Decimal Classification     B.Tech(CSE) PIET C-LIBRARY PIET C-LIBRARY 06/05/2010 J B C, New Delhi 585.00 IS-57   BB5515 04/12/2019 06/05/2010 Book Bank
    Dewey Decimal Classification     B.Tech(CSE) PIET C-LIBRARY PIET C-LIBRARY 06/05/2010 J B C, New Delhi 585.00 IS-57   BB5516 04/12/2019 06/05/2010 Book Bank

Design & Developed by: PIET Central Library
R70 Miles Stone Pattikalyana Samalkha Panipat 132102
mail ID :- [email protected], Phone No:- 0180-2569700 Ex.216